Bienvenue à la Médiathèque de Saint-Andiol
banniere
Accueil Recherche avancée Mon compte
handi1 Rechercher dans le catalogue

Filtre   Mots-clés
  Recherche avancée
 
Lister les dernières nouveautés
 
Lister les livres GROS CARACTERES
 
Lister les périodiques (magazines)

handi1 Cuisine Actuelle [ 398 ]

Book Cover
Titre : Cuisine Actuelle [ 398 ]
Support : Livres
Langue : Francais
Publié : 2023 Prisma Paris
Genre : Revues et magazines
Collection : Cuisine Actuelle
Sujets :
Étiquettes :
Pas de tags
LEADER 00812nas0a2200241 450
001 16862707
011 |b Br.  |d 4,4 € 
100 |a 20240306d2023 u u0frey01 ba 
101 0 |a fre 
102 |a FR 
110 0 |a afu 0uu0 
200 0 |a Cuisine Actuelle [ 398 ]  |f Gillet Anne 
207 1 |a  398 
210 |a Paris  |c Prisma  |d 2023 
215 |a 1 vol. (86 p.)  |c ill. coul.  |d 28x21 cm 
225 1 |a Cuisine Actuelle 
464 |a Originaux et savoureux le gratin des plats au four 
464 |a Spécial les deux savoies de Montroc à Cordon recettes cultes et bonnes adresses 
464 |a Dossier citron dessert créatifs et vitaminés 
676 |a 070.17 
900 |a Revues et magazines 
901 |a Adultes 
995 |a Médiathèque  |c Médiathèque  |f 089020002  |h 089020002  |k 070.17 CUI 398  |o p  |q u  |r az  |e Médiathèque